England Rugby - 75 or more caps - Statistics

General Stats
  • This quiz has been taken 1,447 times
    807 since last reset
  • The average score is 9 of 17
Answer Stats
Caps Years Active Player % Correct
91 1998-2011 Jonny Wilkinson
88%
84 1993-2003 Martin Johnson
84%
93 2012-2021 Owen Farrell
84%
109 2010-2021 Ben Youngs
83%
114 1990-2004 Jason Leonard
70%
95 2010-2019 Dan Cole
62%
87 2009-2021 Courtney Lawes
53%
84 2008-2018 Danny Care
53%
97 2008-2018 Dylan Hartley
50%
85 1995-2007 Lawrence Dallaglio
48%
77 1995-2006 Matt Dawson
48%
75 2000-2011 Mike Tindall
45%
85 1984-1996 Rory Underwood
42%
77 2007-2018 James Haskell
36%
75 1994-2007 Mike Catt
33%
78 1999-2011 Joe Worsley
12%
77 2014-2021 George Ford
9%
No matching quizzes found
Score Distribution
Percent of People with Each Score
Percentile by Number Answered
Your Score History
You have not taken this quiz since the last reset